00293pab a2200109 454500008004000000100001900040245004500059260000900104300001100113650001800124773004100142180718b1986 xxu||||| |||| 00| 0 eng d aGuha, Amalendu aAn alternative approach to public policy c1986 a439-48 aPublic Policy aInternational Social Science Journal